| 000 | 00995nam a2200349 a 4500 | ||
|---|---|---|---|
| 001 | 31737 | ||
| 003 | AR-BaAGN | ||
| 005 | 20231116150843.0 | ||
| 007 | ta | ||
| 008 | 220625s2011 ag |||||r|||| ||||||spa d | ||
| 020 | _a978-987-997-46-3-6 | ||
| 040 |
_dAR-BaAGN _aAR-BaAGN _bspa _eaacr |
||
| 100 | 1 |
_aMyers, Jorge, _d1961- _95085 |
|
| 245 | 1 | 0 |
_aOrden y virtud : _bel discurso republicano en el régimen rosista |
| 250 | _a1ª ed. | ||
| 260 |
_aBernal : _bUniversidad Nacional de Quilmes, _c2011. |
||
| 300 | _a320 páginas | ||
| 336 |
_2rdacontent _btxt |
||
| 337 |
_2rdamedia _bn |
||
| 338 |
_2rdacarrier _bnc |
||
| 490 | 0 | _aLa ideología argentina | |
| 600 | 1 | 4 |
_aRosas, Juan Manuel de, _d1793-1877 _9122 |
| 650 | 4 |
_aHISTORIA POLÍTICA ARGENTINA _91052 |
|
| 650 | 4 |
_aPOLÍTICA _92164 |
|
| 650 | 4 |
_aPOLÍTICA ARGENTINA _95024 |
|
| 651 | 4 |
_aArgentina _93645 |
|
| 942 | _cLIBRO | ||
| 999 |
_c31737 _d31737 |
||